Który polityk to powiedział? - Statystyki

Ogólne statystyki
  • Ten quiz został rozwiązany 148 razy
  • Średni wynik to 4 z 8
Statystyki odpowiedzi
Hint Odpowiedź % Poprawnych
"Ja nie wiem kim byli pana dziadkowie, ale wiem jedno, pan jest niemieckim agentem" Jarosław Kaczyński
97%
"Szczęść Boże i ratuj się kto może, kiedy za bezpieczeństwo narodowe i bezpieczeństwo publiczne w Rzeczypospolitej Polskiej odpowiadają ludzie, którzy mają słabą głowę, bo pić trzeba umieć" Grzegorz Braun
88%
"Kiedy nagrał te płytę twój brat Lech Kaczyński do mnie publicznie powiedział, że takiego łajdaka świat nie widział jak Kurski" Donald Tusk
83%
"Łączy nas wiele, obaj jesteśmy na określony czas na swoich funkcjach i znamy nazwiska swoich następców" Szymon Hołownia
73%
"Powiedział Pan premier w dzisiejszym przemówieniu, kilka rzeczy słusznych i w innych okolicznościach można by się zastanowić czy to nie ma jakiegoś sensu" Sławomir Mentzen
58%
"Że zlikwiduje pan zamrażarkę sejmową tymczasem my złożyliśmy projekt też samy z pańskim postulatem panie premierze o zwiększenie kwoty wolnej od podatku w pierwszy dzień tej kadencji i ten projekt leży już w zamrażarce prawie trzy miesiące" Konrad Berkowicz
25%
"Ty po prostu debilu, zgłaszałem się do głosu debilu" Marek Suski
15%
"Jest pan bardzo podekscytowany, panie pośle Berkowicz. Jest tak, że Władimir Putin potrzebował Żyrinowskiego, a wydaje mi się, że ta totalna władza potrzebuje takich błaznów jak pan i Grzegorz Braun" Janusz Kowalski
6%
Nie znaleziono quizów pasujących do podanych kryteriów
Rozkład punktacji
Procent ludzi z każdym wynikiem
Percentyl według liczby udzielonych odpowiedzi
Twoja historia wyników
Nie rozwiązałeś tego quizu